Most Tagged Countries in The Guardian Quiz Stats

 Plays Quiz not verified by Sporcle

Challenge
Share
Tweet
Embed
Score 0/80 Timer 05:00
0 Plays Today
Country % Correct
1 - United Kingdom
99.9%
2 - United States
99.9%
1 - United Kingdom
99.9%
2 - United States
99.9%
7 - France
98.7%
6 - France
98.7%
5 - China
98.6%
5 - China
98.6%
16 - Spain
98%
19 - Spain
98%
13 - Germany
97.3%
10 - Germany
97.3%
9 - Russia
97.2%
24 - Brazil
97.2%
15 - Russia
97.2%
29 - Brazil
97.2%
27 - Canada
97.1%
32 - Canada
97.1%
4 - Iraq
96.9%
20 - Iraq
96.9%
11 - India
96.7%
18 - India
96.7%
23 - Mexico
96.5%
31 - Mexico
96.5%
17= - Italy
96.2%
12 - Italy
96.2%
10 - Iran
96.1%
17 - Iran
96.1%
20 - Japan
96%
11 - Japan
96%
19 - Australia
95.7%
23 - Australia
95.7%
26 - Egypt
93.5%
4 - Egypt
93.5%
15 - Greece
93.2%
13 - Greece
93.2%
12 - Ireland
93%
14 - Ireland
93%
3 - Afghanistan
92%
8 - Afghanistan
92%
Country % Correct
6 - Israel
91%
14 - South Africa
91%
7 - Israel
91%
25 - South Africa
91%
8 - Pakistan
90.5%
16 - Pakistan
90.5%
35 - Sweden
90.4%
37 - Portugal
89.4%
39 - Portugal
89.4%
9 - Syria
89.3%
25 - Turkey
88.7%
26 - Turkey
88.7%
3 - Libya
87%
28 - South Korea
86.5%
33 - Poland
86%
33 - Norway
85.9%
40 - Netherlands
85.7%
35 - New Zealand
84.9%
27 - Saudi Arabia
84.4%
31 - Saudi Arabia
84.4%
21 - North Korea
83%
39 - North Korea
83%
21 - Tunisia
72.5%
32 - Thailand
69.6%
30 - Chile
69%
38 - Nigeria
68.2%
38 - Nigeria
68.2%
36 - Sudan
67.1%
29 - Iceland
66.6%
22 - Yemen
59.9%
37 - Yemen
59.9%
30 - Kenya
58.1%
28 - Somalia
57.6%
17= - Haiti
44.8%
34 - Burma
43.9%
24 - Bahrain
41.3%
36 - Zimbabwe
32.6%
22 - Uganda
30%
40 - Uganda
30%
34 - Cote d'Ivoire
21.6%

You're not logged in!

Compare scores with friends on all Sporcle quizzes.
Join for Free
OR
Log In

You Might Also Like...

Show Comments

Extras

Top Quizzes Today


Score Distribution

Your Account Isn't Verified!

In order to create a playlist on Sporcle, you need to verify the email address you used during registration. Go to your Sporcle Settings to finish the process.

Report this User

Report this user for behavior that violates our Community Guidelines.

Details: